00481nam a2200157Ia 4500003000400000008004100004040001600045082001800061100003200079245004700111260005800158300001200216490003700228650002800265650003000293GCL140319s9999 xx 000 0 ara d aGCL / cGCL04a813.03bا ق1 aابراهيم الكونى10aالقفص / cابراهيم الكونى a[S.N] : bرياض الريس للكتب والنشر a1640 ص aالسلسلة القصصيةv004aالادب العربى04aالقصص العربية